000 00715nam a22002297a 4500
003 UA-OsUOA
001 23303
007 ta
008 20040117b un ||||| |||| 00| 0 ukr d
090 _a243
_bГ72
942 _cBK
040 _aUA-OsUOA
_bukr
_cUA-OsUOA
_dUA-OsUOA
245 _aГосподь моя втіха та поміч
_bМолитовник для болящих та для засумованих
300 _a48 с.
955 _a0
041 _aukr
080 _a243
260 _aВінніпег
_bВид-ня Українського наукового православного богословного товариства
_c1957
044 _aCA
650 7 _2UDC
999 _c309548
_d309548